On This Day: May 28th II Quiz Stats

 Plays Quiz Updated Feb 26, 2019

Score 0/7 Timer 03:00
0 Plays Today
Question Answer Wrong Answers
This organization, officially recognized as the representative of the Palestinian people, is formed.
1964
Palestine Liberation Organization
82.8%
Muslim Brotherhood
1.9%
Hezbollah
9.9%
Arab League
4.6%
Konstantinos Karamanlis signs the full treaty of the accession of ______ with the European Economic Community.
1979
Greece
77.3%
Turkey
6.5%
Cyprus
11.3%
North Macedonia
4%
This US President signs the Indian Removal Act, paving the way for the forceful relocation of American Indians in exchange for land.
1830
Andrew Jackson
73.4%
Martin Van Buren
10.3%
John Quincy Adams
9%
William Henry Harrison
7.3%
In response to nuclear tests by India, this country responds with five of its own, prompting the United States, Japan, and other nations to impose economic sanctions.
1998
Pakistan
68.9%
North Korea
22.3%
Israel
2.2%
Russia
5.5%
This American basketball player and coach, whose silhouette has been incorporated into the NBA logo, is born.
1938
Jerry West
57.4%
Elgin Baylor
8.9%
Oscar Robertson
16.6%
‘Pistol’ Pete Maravich
16.6%
Following the collapse of the Russian Empire, Azerbaijan and this neighboring country declare their independence, only to become part of Soviet Russia shortly after.
1918
Armenia
49.9%
Uzbekistan
37%
Moldova
2.9%
Belarus
9.9%
In the first meeting of a Constituent Assembly, this nation formally declares itself a republic, ending the 240-year reign of the Shah dynasty.
2008
Nepal
24.3%
Bahrain
33.1%
Qatar
34.8%
Cambodia
6.6%

You're not logged in!

Compare scores with friends on all Sporcle quizzes.
OR
Log In

Sporcle TV

Today on Sporcle TV


Watch our educational content, quiz creation guides, and fun videos on Sporcle TV.

Show Comments

Extras

Top Quizzes Today


Score Distribution

Your Account Isn't Verified!

In order to create a playlist on Sporcle, you need to verify the email address you used during registration. Go to your Sporcle Settings to finish the process.

Report this User

Report this user for behavior that violates our Community Guidelines.

Details: